Financial Accounting. (Record no. 1322)

MARC details
005 - DATE AND TIME OF LATEST TRANSACTION
control field 20250411155116.0
020 ## - INTERNATIONAL STANDARD BOOK NUMBER
International Standard Book Number 0-256-08917-5
082 ## - DEWEY DECIMAL CLASSIFICATION NUMBER
Classification number 657 HER
100 ## - MAIN ENTRY--PERSONAL NAME
Author name HERMANSON, R H.
245 ## - TITLE STATEMENT
Title Financial Accounting.
250 c# - EDITION STATEMENT
Edition statement 5th Ed.
260 ## - PUBLICATION, DISTRIBUTION, ETC.
Place of publication, distribution, etc. Homewood,
Name of publisher, distributor, etc. Richard D. Irwin,Inc,
Date of publication, distribution, etc. 1992.
300 ## - PHYSICAL DESCRIPTION
Extent xxx, 1062p.:Ill.;figures
Other physical details Index
Dimensions 27cm.
700 ## - ADDED ENTRY--PERSONAL NAME
Other authors/Editors EDWARDS, J.D.
942 ## - ADDED ENTRY ELEMENTS (KOHA)
Source of classification or shelving scheme Dewey Decimal Classification
Koha item type Books
Holdings
Date last seen Total checkouts Full call number Barcode Cost, replacement price Price effective from Koha item type Lost status Source of classification or shelving scheme Damaged status Not for loan Withdrawn status Home library Current library Shelving location Date acquired Cost, normal purchase price
06/27/2025   657BET DOM0002402 135000.00 06/27/2025 Books   Dewey Decimal Classification       CBE Dodoma CBE Dodoma General Collection 03/24/2015 45000.00
06/27/2025   657HAR D0M0002400 135000.00 06/27/2025 Books   Dewey Decimal Classification       CBE Dodoma CBE Dodoma General Collection 03/24/2015 45000.00
04/11/2025   657 HER 0000005077 135000.00 04/11/2025 Books   Dewey Decimal Classification       College of Business Education Main Library College of Business Education Main Library General Collection 04/11/2025 45000.00